000 00497nam a2200181Ia 4500
001 2751
003 IN-NITTTR
005 20251114232935.0
008 251113s9999||||xx |||||||||||||| ||eng||
040 _beng
040 _cIN-NITTTR
041 _aeng
082 _a621.317 L991I
100 _aLynch, William A.
245 0 _aIntroductory system analysis :
_b signals and systems in electrical engineering. /
_cLynch, William A., Truxal, John G.
700 _a Truxal, John G.
942 _2ddc
_cBK
999 _c4359
_d4359